[Event "TIPC 2015"]
[Site "Roux"]
[Date "2015.08.05"]
[Round "6.9"]
[White "Uhoda, Philippe"]
[Black "Stromboli, Ettore"]
[Result "1-0"]
[BlackElo "2324"]
[WhiteElo "2123"]
[LiveChessVersion "1.4.6"]

1. d4  Nf6  2. c4  e6
 3. Nc3  Bb4  4. e3
 b6  5. Nge2  Bb7
 6. a3  Bd6  7. Qc2
 c5  8. d5  exd5 
9. cxd5  O-O  10. Nb5  Qe7
 11. Nxd6  Qxd6  12. e4
 Qe7  13. f3  Nh5
 14. g4  Qh4+  15. Kd1
 Nf6  16. Ng3  g6
 17. Rg1  Ne8  18. Bf4
 Qf6  19. Qd2  d6
 20. Be2  Ng7  21. Bg5
 Qe5  22. f4  Qe8
 23. Qc3  Ba6  24. Bxa6
 Nxa6  25. f5  Qd7
 26. Bf6  Ne8  27. Nh5
 Qa4+  28. Kd2  Nac7
 29. Rae1  Nb5  30. Qd3
 Nxf6  31. Nxf6+  Kg7
 32. g5  Qd4  33. Qxd4
 Nxd4  34. Ref1  a5
 35. h4  h5  36. gxh6+
 Kxh6  37. Nd7  Rfd8
 38. Nxb6  Rab8  39. Nc4
 Rb3  40. fxg6  fxg6
 41. Rg2  Rf3  42. Rxf3
 Nxf3+  43. Ke3  Nxh4
 44. Rf2  Kg7  45. Nxa5
 g5  46. Nc4  Kg6
 47. e5  dxe5  48. Nxe5+
 Kh5  49. Rf7  Kh6
 50. Ke4  Re8  51. Rf6+
 Kg7  52. Re6  Rxe6
 53. dxe6  Kf6  54. Kd5
 Ke7  55. a4  Ng2
 56. Ng6+  Kf6  57. e7
 Kf7  58. a5  g4 
59. a6  g3  60. a7  Ne3+
 61. Kxc5  1-0

[Event "TIPC 2015"]
[Site "Roux"]
[Date "2015.08.05"]
[Round "6.10"]
[White "Jamar, Vadim"]
[Black "Van Mechelen, Jan"]
[Result "0-1"]
[BlackElo "2243"]
[WhiteElo "1919"]
[LiveChessVersion "1.4.6"]

1. e4  e6  2. d4  d5
 3. e5  c5  4. c3
 Nc6  5. Nf3  Bd7
 6. a3  f6  7. Bd3
 Qc7  8. Bf4  O-O-O
 9. Bg3  f5  10. O-O
 c4  11. Bc2  h6 
12. h4  Be8  13. Nbd2  Bh5
 14. b3  cxb3  15. Bxb3
 Nge7  16. c4  Nxd4
 17. cxd5  Nxd5  18. Nxd4
 Bxd1  19. Nxe6  Qb6
 20. Rc1+  Kb8  21. Nxd8
 Bxb3  22. Nf7  Rg8
 23. Rb1  f4  24. Bh2
 Qc7  25. Nd6  Ba4
 26. N2e4  Bxd6  27. Nxd6
 Bc6  28. Rfc1  g5
 29. Nxb7  Bxb7  30. Rxc7
 Kxc7  31. hxg5  hxg5
 32. Kf1  Ba6+  33. Ke1
 Re8  0-1

[Event "TIPC 2015"]
[Site "Roux"]
[Date "2015.08.06"]
[Round "7.1"]
[White "Kveinys, Aloyzas"]
[Black "Naumkin, Igor"]
[Result "1-0"]
[BlackElo "2437"]
[WhiteElo "2491"]
[LiveChessVersion "1.4.6"]

1. Nf3  e6  2. c4  f5
 3. g3  Nf6  4. Bg2
 Be7  5. O-O  O-O
 6. b3  d6  7. Bb2
 e5  8. d3  Qe8 
9. e3  Nc6  10. Nc3  Qh5
 11. Nd2  Qh6  12. Nd5
 Bd8  13. f4  a5 
14. Nf3  Nxd5  15. cxd5  Nb4
 16. Ne1  c6  17. dxc6
 bxc6  18. Nc2  Bb6
 19. Kh1  Nd5  20. fxe5
 dxe5  21. Bxe5  Nxe3
 22. Nxe3  Bxe3  23. Qc2
 Bd7  24. Rae1  Rae8
 25. Qc4+  Kh8  26. Bf4
 Bxf4  27. gxf4  Qd6
 28. Qc3  Qb4  29. Rc1
 Re2  30. a4  Qb8
 31. Rce1  Rfe8  32. Rxe2
 Rxe2  33. Bf3  Re3
 34. Qd4  Re7  35. Qc5
 Re8  36. Bh5  Re6
 37. Bf7  Rf6  38. Qe7
 Qc8  39. Rg1  c5
 40. Bd5  Qg8  41. Bxg8
 Bc6+  42. Rg2  Rg6
 43. Bd5  1-0

[Event "TIPC 2015"]
[Site "Roux"]
[Date "2015.08.06"]
[Round "7.2"]
[White "Hautot, Stéphane"]
[Black "Lugovskoy, Maxim"]
[Result "0-1"]
[BlackElo "2431"]
[WhiteElo "2360"]
[LiveChessVersion "1.4.6"]

1. e4 e6 2. d4 d5 3. Nc3 Bb4 4. e5 c5 5. a3 Bxc3+ 6. bxc3 Ne7 7. Qg4 Qc7 8. Qxg7
Rg8 9. Qxh7 cxd4 10. Ne2 Nbc6 11. f4 dxc3 12. h4 b6 13. Rh3 d4 14. Rg3 Rf8 15. a4
Bb7 16. Ba3 O-O-O 17. Rd1 Nf5 18. Bxf8 Rxf8 19. Rg8 Qd8 20. Rxf8 Qxf8 21. h5 Nb4
22. Nxd4 Be4 23. h6 Nxc2+ 24. Nxc2 Bxc2 25. Rc1 Be4 26. Rxc3+ Kb7 27. Kf2 b5 28.
Bxb5 Kb6 29. g4 Qb4 30. gxf5 Qxc3 31. Qg8 Qd2+ 32. Kg1 Qe1+ 33. Bf1 Qe3+ 34. Kh2
Qxf4+ 35. Kg1 Qe3+ 36. Kh2 Qxh6+ 37. Kg1 Qe3+ 38. Kh2 Qh6+ 39. Kg1 Qe3+ 40. Kh2
Qf2+ 41. Bg2 Qxg2+ 42. Qxg2 Bxg2 43. Kxg2 Kc5 44. Kf3 Kd4 45. Kf4 a5 46. Kg5 Kxe5
47. f6 0-1

[Event "TIPC 2015"]
[Site "Roux"]
[Date "2015.08.06"]
[Round "7.3"]
[White "Sumets, Andrey"]
[Black "Reinhart, Emmanuel"]
[Result "1-0"]
[BlackElo "2343"]
[WhiteElo "2596"]
[LiveChessVersion "1.4.6"]

1. d4  d5  2. c4  c6
 3. Nc3  Nf6  4. e3
 g6  5. Nf3  Bg7 
6. Be2  O-O  7. O-O  Be6
 8. b3  Ne4  9. Bb2
 Nxc3  10. Bxc3  Nd7
 11. Rc1  Nf6  12. cxd5
 Bxd5  13. Ne5  a5
 14. Qc2  Be4  15. Qb2
 Nd5  16. Bd2  Bf5
 17. Rfd1  Qb6  18. Be1
 Rfe8  19. Bc4  f6
 20. Nf3  Kh8  21. Qe2
 Be6  22. e4  Nf4
 23. Qe3  Bxc4  24. Rxc4
 Ne6  25. Bc3  Red8
 26. Qe1  a4  27. Rxa4
 Rxa4  28. bxa4  Qa6
 29. a5  Qc4  30. a3
 Nf4  31. Ba1  Qe6
 32. h3  Qb3  33. Rb1
 Qxa3  34. Kh2  Rd7
 35. Qe3  Qxe3  36. fxe3
 Ne6  37. Kg3  Kg8
 38. Rb6  Kf7  39. Bc3
 Bh6  40. Kf2  c5
 41. d5  Ng5  42. Nd2
 f5  43. exf5  Rxd5
 44. Ke2  Bg7  45. Bxg7 Kxg7
 46. fxg6  c4  47. Nxc4
 hxg6  48. Rxb7  Rc5
 49. Kd3  Rd5+  50. Kc2 Ne6
 51. Rb6 1-0

[Event "TIPC 2015"]
[Site "Roux"]
[Date "2015.08.06"]
[Round "7.4"]
[White "Dgebuadze, Alexandre"]
[Black "Uhoda, Philippe"]
[Result "1-0"]
[BlackElo "2123"]
[WhiteElo "2489"]
[LiveChessVersion "1.4.6"]

1. e4  c5  2. Nc3  d6
 3. Nf3  Nc6  4. d4
 cxd4  5. Nxd4  Nf6
 6. Bc4  e5  7. Nde2
 Be6  8. Bb3  Be7
 9. Bg5  O-O  10. Qd2
 Ng4  11. Bxe7  Qxe7
 12. O-O  a6  13. h3
 Nf6  14. Rad1  Rfd8
 15. Nd5  Bxd5  16. exd5
 Nb8  17. Ng3  g6
 18. f4  Nbd7  19. c3
 Re8  20. Rde1  Qd8
 21. f5  Qe7  22. Bc2
 Kg7  23. c4  Rf8
 24. Qg5  Kh8  25. h4
 Ng8  26. Qxe7  Nxe7
 27. f6  Nc8  28. h5
 b5  29. Re4  bxc4
 30. Rh4  g5  31. Rxc4
 Ncb6  32. Rc6  Nxd5
 33. Rxd6  N7b6  34. Bb3
 Rfd8  35. Rxd8+  Rxd8
 36. Rd1  Rd7  37. Ne4
 Nf4  38. Rxd7  Nxd7
 39. Nxg5  Nxf6  40. h6
 Ne2+  41. Kf1  Nd4
 42. Nxf7+  Kg8  43. Bc4
 Kf8  44. Nxe5  a5
 45. Bd3  Ke7  46. Nf3
 Nc6  47. Ke2  Ng4
 48. Bxh7  Nxh6  49. Be4
 Nb4  50. a3  Na6
 51. Nd4  Nc5  52. Bc2
 Kd6  53. Nf5+  Nxf5
 54. Bxf5  Na4  55. b3
 Nc3+  56. Kd2  Nb5
 57. Bd3  1-0

[Event "TIPC 2015"]
[Site "Roux"]
[Date "2015.08.06"]
[Round "7.5"]
[White "Van Mechelen, Jan"]
[Black "Oganian, Miran"]
[Result "0-1"]
[BlackElo "2380"]
[WhiteElo "2243"]
[LiveChessVersion "1.4.6"]

1. d4  Nf6  2. Nf3  e6
 3. c4  d5  4. Nc3
 dxc4  5. e3  a6 
6. a4  c5  7. Bxc4  Nc6
 8. O-O  Be7  9. Qe2
 cxd4  10. Rd1  O-O
 11. exd4  Nb4  12. Ne5
 Bd7  13. d5  exd5
 14. Nxd5  Nbxd5  15. Bxd5
 Nxd5  16. Rxd5  Bg4
 17. Qc4  Qxd5  18. Qxd5
 Rad8  19. Qxd8  Rxd8
 20. Be3  Be6  21. Rc1
 Bf6  22. f4  g5 
23. Rc7  gxf4  24. Bxf4  Rd4
 25. g3  Re4  26. Nf3
 Rb4  0-1

[Event "TIPC 2015"]
[Site "Roux"]
[Date "2015.08.06"]
[Round "7.6"]
[White "Hoffmeister, Frank"]
[Black "Capone, Nicola"]
[Result "0-1"]
[BlackElo "2379"]
[WhiteElo "2215"]
[LiveChessVersion "1.4.6"]

1. d4  Nf6  2. c4  e6
 3. Nf3  Bb4+  4. Bd2
 Qe7  5. g3  Nc6 
6. Nc3  Bxc3  7. Bxc3  Ne4
 8. Qc2  Nxc3  9. Qxc3
 O-O  10. Bg2  Qb4
 11. Qxb4  Nxb4  12. Kd2
 a5  13. Kc3  Nc6
 14. d5  Ne7  15. Nd4
 d6  16. dxe6  fxe6
 17. Rhf1  Nf5  18. Rad1
 Nxd4  19. Rxd4  Rb8
 20. f4  b5  21. b3
 Rf5  22. cxb5  Rbxb5
 23. e3  Rfc5+  24. Kb2
 Bd7  25. Rc1  Rxc1
 26. Kxc1  Rb6  27. Kc2
 Kf7  28. Kc3  c5
 29. Rd2  Ke7  30. a3
 Rb8  31. Rb2  Rc8
 32. Rd2  Bb5  33. Bf3
 h6  34. Bg2  g5 
35. Bf3  Rf8  36. Be2  Bd7
 37. Bd1  Rg8  38. Rb2
 gxf4  39. exf4  Rc8
 40. Bf3  Bb5  41. Rb1
 Kf6  42. Re1  Rc7
 43. Rd1  d5  44. Re1
 d4+  45. Kd2  a4
 46. bxa4  Bxa4  47. Rc1
 c4  48. Be2  c3+
 49. Ke1  Rb7  50. Bd3
 Rb2  51. Be4  Bb5
 52. Bc2  e5  53. fxe5+
 Kxe5  54. a4  Bc6
 55. a5  Be4  56. Kd1
 Ra2  57. h4  Rxa5
 58. g4  Bf3+  59. Ke1
 Bxg4  60. Bd3  Kf4 0-1

[Event "TIPC 2015"]
[Site "Roux"]
[Date "2015.08.06"]
[Round "7.7"]
[White "Fontaine, Quentin"]
[Black "Hovhannisyan, Mher"]
[Result "0-1"]
[BlackElo "2515"]
[WhiteElo "2109"]
[LiveChessVersion "1.4.6"]

1. e4  e6  2. d4  d5
 3. Nc3  Bb4  4. e5
 Qd7  5. a3  Bxc3+
 6. bxc3  b6  7. Qg4
 f5  8. Qg3  Kf7 
9. a4  Ne7  10. h4  Ba6
 11. Bxa6  Nxa6  12. Nh3
 h6  13. h5  c5 
14. Qd3  Nb8  15. Nf4  Nbc6
 16. Ba3  Rhc8  17. O-O
 Na5  18. dxc5  bxc5
 19. Qa6  Nc4  20. Rfb1
 Rc6  21. Qb7  Rd8
 22. Nd3  Rc7  23. Qb5
 Nxa3  24. Rxa3  c4
 25. Nc5  Qxb5  26. Rxb5
 f4  27. Nb7  Rf8
 28. Nd6+  Kg8  29. a5
 Nc6  30. a6  Nxe5
 31. Rb7  Rd7  32. Nb5
 Rff7  33. Rb8+  Kh7
 34. Ra1  Nc6  35. Rc8
 Ne7  36. Ra8  Nf5
 37. Nd4  Nxd4  38. cxd4
 g6  39. Rb1  gxh5
 40. Rbb8  Kg6  41. f3
 Rd6  42. Rg8+  Kf5
 43. Rh8  e5  44. Raf8
 Rff6  45. Rxf6+  Rxf6
 46. Rd8  Ke6  47. Re8+
 Kd6  48. Rxe5  h4
 49. Kf2  Kc6  50. Rh5
 Kb5  51. Rxd5+  Kb4
 52. Re5  Rxa6  53. d5
 Kc3  54. Re4  Rf6
 55. Re7  Kxc2  56. Rxa7
 Kd3  57. Ra1  c3
 58. Rd1+  Kc4  59. Ke2
 Rg6  60. d6  Re6+
 61. Ke1 0-1

[Event "TIPC 2015"]
[Site "Roux"]
[Date "2015.08.06"]
[Round "7.8"]
[White "Shirazi, Kamran"]
[Black "Van Houtte, Thierry"]
[Result "1-0"]
[BlackElo "2109"]
[WhiteElo "2409"]
[LiveChessVersion "1.4.6"]

1. e4 e6 2. d4  d5  3. Nd2  Be7
 4. Ngf3  Nf6  5. Bd3
 c5  6. e5  Nfd7 
7. c3  Nc6  8. O-O  g5
 9. Bb1  b6  10. c4
 dxc4  11. Nxc4  Nxd4
 12. Nxd4  cxd4  13. Qxd4
 Ba6  14. Rd1  Bxc4
 15. Qxc4  Rc8  16. Qa4
 Rc5  17. b4  Rd5
 18. Rxd5  exd5  19. Bf5
 a6  20. Qc6 1-0

[Event "TIPC 2015"]
[Site "Roux"]
[Date "2015.08.06"]
[Round "7.9"]
[White "Soors, Stef"]
[Black "Lacroix, Bruno"]
[Result "1-0"]
[BlackElo "2189"]
[WhiteElo "2407"]
[LiveChessVersion "1.4.6"]

1. e4  c5  2. c3  Nf6
 3. e5  Nd5  4. Nf3
 Nc6  5. d4  cxd4
 6. cxd4  d6  7. Bc4
 Nb6  8. Bb5  d5 
9. Nc3  Bg4  10. h3  Bxf3
 11. Qxf3  e6  12. O-O
 Rc8  13. Rd1  a6
 14. Bf1  g6  15. Qg3
 Bg7  16. h4  h5 
17. Ne2  Ne7  18. Bg5  Qd7
 19. Nf4  Nf5  20. Qf3
 Rc6  21. g3  Nc8
 22. b4  Qc7  23. b5
 Rc3  24. Qe2  O-O
 25. bxa6  bxa6  26. Qxa6
 Rc6  27. Qa3  Nb6
 28. Ne2  Ra8  29. Qf3
 Nc4  30. a3  Rca6
 31. Rd3  Qa7  32. Bf6
 Qb6  33. Ra2  Bxf6
 34. exf6  Qd8  35. Bh3
 Ncd6  36. Qf4  Qxf6
 37. Rf3  Qg7  38. Rb3
 Ra4  39. Rb6  Qf8
 40. Kg2  Rxa3  41. Rxa3
 1-0

[Event "TIPC 2015"]
[Site "Roux"]
[Date "2015.08.06"]
[Round "7.10"]
[White "Maréchal, Georges"]
[Black "Sclacmender, Julien"]
[Result "0-1"]
[BlackElo "2209"]
[WhiteElo "1676"]
[LiveChessVersion "1.4.6"]

1. Nf3  Nf6  2. d4  g6
 3. Bf4  Bg7  4. e3
 d6  5. h3  O-O 
6. Bd3  Nc6  7. c3  Re8
 8. Bh2  e5  9. dxe5
 dxe5  10. Bc2  Qe7
 11. O-O  Bd7  12. Nbd2
 Rad8  13. Re1  a6
 14. Qe2  Nh5  15. Rad1
 f5  16. Bb3+  Kh8
 17. a3  e4  18. Nd4
 Ne5  19. Bxe5  Bxe5
 20. f4  exf3  21. N2xf3
 Bg3  22. Rf1  c5
 23. Nc2  Nf4  24. Qc4
 Be6  25. Qa4  Ne2+
 26. Kh1  b5  27. Qxa6
 Bxb3  28. Rxd8  Rxd8
 29. Qxb5  Bxc2  0-1

[Event "TIPC 2015"]
[Site "Roux"]
[Date "2015.08.07"]
[Round "8.1"]
[White "Oganian, Miran"]
[Black "Kveinys, Aloyzas"]
[Result "1-0"]
[BlackElo "2491"]
[WhiteElo "2380"]
[LiveChessVersion "1.4.6"]

1. d4  Nf6  2. c4  e6
 3. Nf3  Bb4+  4. Bd2
 a5  5. g3  b6 
6. Bg2  Bb7  7. O-O  O-O
 8. Bf4  Be7  9. Nc3
 Ne4  10. Qc2  Nxc3
 11. Qxc3  d6  12. Qc2
 f5  13. d5  e5 
14. Bd2  Nd7  15. Bc3  Nc5
 16. b3  Qe8  17. Nd2
 Qh5  18. e4  f4 
19. Qd1  Qg6  20. a3  Bg5
 21. b4  axb4 22. axb4  Rxa1
 23. Bxa1  Nd3  24. Qb3
 fxg3  25. Qxd3  Qh6
 26. hxg3  Bxd2  27. Bc3
 Bxc3  28. Qxc3  Bc8
 29. Ra1  Bh3  30. Ra7
 Bxg2  31. Kxg2  Qf6
 32. Qe3  Rf7  33. Ra8+
 Rf8  34. Rxf8+  Kxf8
 35. c5  bxc5  36. bxc5
 Qg6  37. c6  h5 
38. Qa7  Qxe4+  39. Kh2  Qxd5
 40. Qb8+  Kf7  41. Qxc7+
 Kg6  42. Qd7  Kh7
 43. Qf5+  g6  44. Qc2
 Qg8  45. c7  Qc8
 46. Qc6  d5  47. Qc5
 Kh6  48. Qe3+  g5
 49. Qxe5  g4  50. Qf6+
 Kh7  51. Qe7+  Kg6
 52. Kg1  Qf5  53. Qe8+
 1-0

[Event "TIPC 2015"]
[Site "Roux"]
[Date "2015.08.07"]
[Round "8.2"]
[White "Lugovskoy, Maxim"]
[Black "Sumets, Andrey"]
[Result "1/2-1/2"]
[BlackElo "2596"]
[WhiteElo "2431"]
[LiveChessVersion "1.4.6"]

1. e4  c6  2. d4  d5
 3. Nc3  dxe4  4. Nxe4
 Bf5  5. Ng3  Bg6
 6. Nh3  e6  7. Nf4
 Bd6  8. Ngh5  Bxh5
 9. Nxh5  g6  10. Nf4
 Nd7  11. g3  Ngf6
 12. Bg2  O-O  13. O-O
 Re8  14. Nd3  Bf8
 15. Re1  Bg7  16. c3
 a5  17. a4  Qb6 
18. Ra3  Nd5  19. Qb3  Qa6
 20. Qc2  Rac8  21. Bd2
 Qa7  22. Raa1  Qb6
 23. Rad1  Qa7  24. Ra1
 Qb6  25. Rad1  Qa7
 26. Ra1  Qb6 1/2-1/2

[Event "TIPC 2015"]
[Site "Roux"]
[Date "2015.08.07"]
[Round "8.3"]
[White "Capone, Nicola"]
[Black "Dgebuadze, Alexandre"]
[Result "1/2-1/2"]
[BlackElo "2489"]
[WhiteElo "2379"]
[LiveChessVersion "1.4.6"]

1. d4  e6  2. c4  Bb4+
 3. Nc3  f5  4. g3
 Nf6  5. Bg2  O-O
 6. Nf3  Nc6  7. O-O
 Bxc3  8. bxc3  d6
 9. d5  Na5  10. Qa4
 b6  11. dxe6  Bxe6
 12. Nd4  Qe8  13. Qc2
 Rd8  14. Bg5  Bxc4
 15. Qxf5  c5  16. Nb3
 h6  17. Nxa5  bxa5
 18. Be3  Bxe2  19. Rfe1
 Bg4  20. Qd3  Qh5
 21. Bf4  Bh3  22. Bf3
 Bg4  23. Bg2  Bh3
 24. Bf3  Bg4  25. Bg2
 Bh3  1/2-1/2

[Event "TIPC 2015"]
[Site "Roux"]
[Date "2015.08.07"]
[Round "8.4"]
[White "Shirazi, Kamran"]
[Black "Hovhannisyan, Mher"]
[Result "0-1"]
[BlackElo "2515"]
[WhiteElo "2409"]
[LiveChessVersion "1.4.6"]

1. e4  e6  2. d4  d5
 3. Nd2  c5  4. Ngf3
 cxd4  5. Nxd4  Nc6
 6. Nxc6  bxc6  7. Bd3
 Nf6  8. Qe2  Be7
 9. O-O  a5  10. Re1
 O-O  11. a3  Nd7
 12. exd5 cxd5  13. c3  Nc5
 14. Bc2  Ba6  15. Qf3
 a4  16. Qh3  g6 
17. Nf3  Bd3  18. Bd1  Bf5
 19. g4  Be4  20. Bh6
 Re8  21. Ne5  Bf6
 22. Nc6  Qd6  23. Nb4
 e5  24. Bc2  Bxc2
 25. Nxc2  d4  26. Rad1
 d3  27. Be3  e4 
28. f3  Rad8  29. Nb4  Nb3
 30. fxe4  d2  31. Rf1
 Rxe4  32. Qf3  Qe6
 33. Bf4  Bg5  34. Bg3
 Rxg4  35. Qc6  Qxc6
 36. Nxc6  Re8  37. Kg2
 h5  38. h3  Re2+
 39. Rf2  Rxg3+  40. Kxg3
 Bh4+  41. Kxh4  Rxf2
 42. Ne7+  Kg7  43. Nd5
 Rf3  0-1

[Event "TIPC 2015"]
[Site "Roux"]
[Date "2015.08.07"]
[Round "8.5"]
[White "Sclacmender, Julien"]
[Black "Hautot, Stéphane"]
[Result "0-1"]
[BlackElo "2360"]
[WhiteElo "2209"]
[LiveChessVersion "1.4.6"]

1. e4  c5  2. Nf3  d6
 3. d4  cxd4  4. Nxd4
 Nf6  5. Nc3  a6 
6. Bg5  Nbd7  7. Qe2  e6
 8. f4  Qc7  9. O-O-O
 Be7  10. g4  h6 
11. Bh4  g5  12. fxg5  hxg5
 13. Bxg5  Ne5  14. Rg1
 Rg8  15. h4  Bd7
 16. Bh3  Rxg5  17. hxg5
 Nh7  18. g6  Nxg6
 19. Kb1  O-O-O  20. Qf2
 Ng5  21. Bf1  Ne5
 22. Nf5  Bf8  23. Qa7
 Bc6  24. Nd4  Nxe4
 25. Nxe4  Bxe4  26. Rg3
 Nc6  27. Nxc6  Bxc6
 28. g5  Bg7  29. g6
 f5  30. Rh3  Qa5
 31. Rh7  Qe5  32. c3
 Qf6  33. Qb6  Qxg6
 34. Rxg7  Qxg7  35. Bxa6
 Qc7  36. Qxc7+  Kxc7
 37. Bc4  d5  38. Bd3
 Rf8  39. b4  Kd6
 40. c4  b6  41. Kb2
 f4  42. Kc3  dxc4
 43. Bxc4+  Bd5  44. Bxd5
 exd5  45. Kd4  Re8
 46. Rh1  Re4+  47. Kc3
 Rc4+  48. Kb3  Ke5
 49. a4  f3  50. a5 bxa5
 51. bxa5  Ke4  52. a6
 f2  0-1

[Event "TIPC 2015"]
[Site "Roux"]
[Date "2015.08.07"]
[Round "8.6"]
[White "Reinhart, Emmanuel"]
[Black "Soors, Stef"]
[Result "0-1"]
[BlackElo "2407"]
[WhiteElo "2343"]
[LiveChessVersion "1.4.6"]

1. e4  c6  2. c4  d5
 3. cxd5  cxd5  4. exd5
 Nf6  5. Nc3  Nxd5
 6. Nf3  Nxc3  7. bxc3
 Qc7  8. d4  g6 
9. Qb3  Bg7  10. Bd3  O-O
 11. O-O  Nc6  12. Ba3
 Be6  13. Qc2  Rfd8
 14. Rfe1  Bd5  15. Be4
 e6  16. Rab1  Rac8
 17. Bxd5  Rxd5  18. Qe4
 Ra5  19. Bc1  Rxa2
 20. c4  Na5  21. Bd2
 b6  22. c5  bxc5
 23. d5  exd5  24. Qxd5
 c4  25. Rb5  Rd8
 26. Rxa5  Rxd5  27. Rxd5
 Ra1  28. Bc1  Bc3
 29. Red1  Qb7  30. Rd8+
 Kg7  31. h4  Bb2
 32. Be3  Rxd1+  33. Rxd1
 Bf6  34. Nd4  Qd5
 35. g4  Kg8  36. g5
 Be5  37. Kf1  c3
 38. Ke2  Qc4+  39. Rd3
 Bxd4  0-1

[Event "TIPC 2015"]
[Site "Roux"]
[Date "2015.08.07"]
[Round "8.7"]
[White "Naumkin, Igor"]
[Black "Thirion, Marcel"]
[Result "1-0"]
[BlackElo "2097"]
[WhiteElo "2437"]
[LiveChessVersion "1.4.6"]

1. d4  Nf6  2. c4  e6
 3. Nf3  Bb4+  4. Nbd2
 d6  5. g3  O-O 
6. Bg2  Ne4  7. a3  Bxd2+
 8. Nxd2  Nxd2  9. Qxd2
 d5  10. b3  c6 
11. O-O  b6  12. Bb2  Ba6
 13. Rac1  Nd7  14. e4
 Rc8  15. Rfd1  Nf6
 16. e5  Nd7  17. a4
 Qe7  18. h4  Rfd8
 19. Qe1  Nb8  20. h5
 h6  21. c5  bxc5
 22. dxc5  Qb7  23. Qe3
 Bc4  24. Rc3  d4
 25. Rxd4  Rxd4  26. Qxd4
 Bxb3  27. Bc1  Bd5
 28. Bf1  Nd7  29. Bd3
 Rb8  30. f4  Qb4
 31. Qxb4 Rxb4  32. Bc2  Rc4
 33. Rxc4  Bxc4  34. Bd1
 Kf8  35. Kf2  Ke7
 36. Ke3  Bd5  37. g4
 Ke8  38. Kd4  Kf8
 39. Bd2  Kg8  40. f5
 Kh7  41. Bf4  Kg8
 42. f6  Kf8  43. a5
 Kg8  44. fxg7  Kxg7
 45. g5  hxg5  46. Bxg5
 Kh7  47. Bc2+  Kg8
 48. h6  f5  49. exf6
 e5+  50. Ke3  Bf7
 51. Bf5  Nxc5  52. h7+
 Kh8  53. Bh6  Ne6
 54. Ke4  1-0

[Event "TIPC 2015"]
[Site "Roux"]
[Date "2015.08.07"]
[Round "8.8"]
[White "Van Melkebeke, Willem"]
[Black "Godart, François"]
[Result "1-0"]
[BlackElo "2422"]
[WhiteElo "2080"]
[LiveChessVersion "1.4.6"]

1. e4  e6  2. d4  d5
 3. Nd2  Nf6  4. e5
 Nfd7  5. Bd3  c5
 6. c3  Nc6  7. Ngf3
 g6  8. O-O  Bg7 
9. Re1  O-O  10. Nf1  cxd4
 11. cxd4  Qb6  12. Bc2
 f6  13. exf6  Nxf6
 14. Ba4  Ne4  15. Bxc6
 bxc6  16. Ng3  Nxf2 17. Kxf2
 Bxd4+  18. Be3  Qxb2+
 19. Kg1  Qxa1  20. Qxd4
 Qxd4  21. Bxd4  Rf7
 22. Ne2  Rb8  23. Ne5
 Rfb7  24. Nc3  Rc7
 25. Ng4  Rb4  26. Nh6+
 Kf8  27. Bc5+  Kg7
 28. Bxb4  Kxh6  29. Bf8+
 Kg5  30. Rf1  Ba6
 31. Rf3  Rb7  32. Kf2
 Rb2+  33. Kg3  e5
 34. h4+  Kh5  35. Rf7
 Rb7  36. Kh3  g5
 37. Rf5  Kg6  38. Rxe5
 Kf7  39. Bc5  gxh4
 40. Kxh4  Kf6  41. Re3
 Bc4  42. g4  a6 
43. Bd4+  Kf7  44. Kg5  Rc7
 45. Rh3  Kg8  46. Na4
 Bxa2  47. Nc5  Re7
 48. Rh6  Bb1  49. Rxc6
 a5  50. Ra6  Kf7
 51. Rxa5  Re8  52. Ra7+
 Re7  53. Ra1  Bc2
 54. Rf1+  Ke8  55. Bf6
 Re2  56. Ra1  Re3
 57. Ra8+  Kf7  58. Ra7+
 Ke8  59. Rd7  Bg6
 60. Rxd5  Kf7  61. Rd7+
 Ke8  62. Ra7  Re1
 63. Nd7  Re6  64. Ne5
 Be4  65. Bh8  Bc2
 66. Kf4  Bb1  67. g5
 Kd8  68. Bf6+  Kc8
 69. Rf7  Ra6  70. Nf3
 Ra2  71. Nd4  Bg6
 72. Re7  Ra4  73. Ke5
 Ra6  74. Ne6  Ra5+
 75. Kd6  Ra6+  76. Kc5
 Bf5  77. Re8+  Kb7
 78. Nd8+  Kc7  79. Re7+
 Kc8  80. Nc6  Ra2
 81. Be5  Bd7  82. Kd6
 Bxc6  83. Kxc6  Ra6+
 84. Kb5  Rg6  85. Bf4
 Kd8  86. Rxh7  Ke8
 87. Kc5  Kf8  88. Kd5
 Kg8  89. Ra7  Rb6
 90. Ke5  Rb5+  91. Kf6
 Rb6+  92. Kf5  Rb5+
 93. Be5  Rc5  94. Ra8+
 1-0

[Event "TIPC 2015"]
[Site "Roux"]
[Date "2015.08.07"]
[Round "8.9"]
[White "Schuermans, Robert"]
[Black "Van Mechelen, Jan"]
[Result "0-1"]
[BlackElo "2243"]
[WhiteElo "2078"]
[LiveChessVersion "1.4.6"]

1. e4  c5  2. Nf3  d6
 3. d4  cxd4  4. Nxd4
 Nf6  5. Nc3  e6 
6. g4  h6  7. h4  Nc6
 8. Rg1  d5  9. Bb5
 Bd7  10. Bxc6  bxc6
 11. g5  Ng8  12. exd5
 cxd5  13. Qe2  Ne7
 14. Bf4  Ng6  15. Bd2
 hxg5  16. Bxg5  Be7
 17. O-O-O  Bxg5+  18. hxg5
 Kf8  19. Qf3  Rh4
 20. Qg3  Qb8  21. Qxb8+
 Rxb8  22. Nf3  Rf4
 23. Rg3  Bb5  24. Nxb5
 Rxb5  25. Rd4  e5
 26. Rxf4  Nxf4  27. Ng1
 Ke7  28. b3  Ke6
 29. Kd2  Kf5  30. Nf3
 Rb4  31. Nh4+  Ke6
 32. c3  Rb8  33. Re3
 Rh8  34. Nf3  Ng6
 35. Nd4+  Kd7  36. Nf5
 Rh2  37. Ke1  Nf4
 38. Rg3  Rh1+  39. Kd2
 Ra1  40. a4  Ra2+
 41. Ke1  Re2+  42. Kf1
 Rb2  43. Re3  g6
 44. Nh6  Ke6  45. b4
 Rb1+  46. Re1  Rxe1+ 47. Kxe1
 Nh3  48. Ng4  Nxg5
 49. Ne3  Ne4  50. c4
 dxc4 51. Nxc4  Kd5  52. Ne3+
 Kd4  53. a5  Nd6
 54. a6  Nb5  55. Kd2
 Nc7  56. Kc2  Nxa6
 57. Kb3  f5  58. Ka4
 Nc7  59. Ka5  f4
 60. Ng2  g5  61. b5
 Kd3  62. b6  axb6+
 63. Kxb6  Ke2  64. Kxc7
 Kxf2  0-1

[Event "TIPC 2015"]
[Site "Roux"]
[Date "2015.08.07"]
[Round "8.10"]
[White "Mueller, Martin"]
[Black "Hoffmeister, Frank"]
[Result "0-1"]
[BlackElo "2215"]
[WhiteElo "2073"]
[LiveChessVersion "1.4.6"]

1. e4  c6  2. d4  d5
 3. Nc3  g6  4. Nf3
 Bg7  5. h3  dxe4
 6. Nxe4  Nd7  7. Bc4
 Ndf6  8. Neg5  Nd5
 9. O-O  h6  10. Ne4
 Ngf6  11. Ng3  O-O
 12. Ne5  Qd6  13. c3
 c5  14. Be3  Nxe3 15. fxe3
 Be6  16. Bxe6 Qxe6  17. Qf3
 Nd5  18. Rad1  Bxe5
 19. dxe5  Nb6  20. Qf4
 Kg7  21. e4  f6 
22. Nf5+  gxf5  23. exf5  Qf7
 24. e6  Qe8  25. Rd3
 Kh7  26. Rfd1  Qc6
 27. Rg3  Rg8  28. Rg6
 Rxg6  29. fxg6+  Kg7
 30. Qf5  Rc8  31. h4
 c4  32. Rd4  Qc5
 33. Qf3  Rc6  34. Kh1
 Qe5  35. Re4  Qd5
 36. Qe2  Rd6  37. Rd4
 Qxe6  38. Re4  Rd1+
 39. Kh2  Qd6+  40. Kh3
 Rd3+  41. Kg4  Qg3+
 42. Kf5  Rd5+  0-1

[Event "TIPC 2015"]
[Site "Roux"]
[Date "2015.08.08"]
[Round "9.1"]
[White "Sumets, Andrey"]
[Black "Oganian, Miran"]
[Result "1-0"]
[BlackElo "2380"]
[WhiteElo "2596"]
[LiveChessVersion "1.4.6"]

1. d4  d5  2. Nf3  Nf6
 3. g3  e6  4. Bg2
 Be7  5. O-O  b5 
6. Bg5  Bb7  7. c3  Nbd7
 8. Qd3  a6  9. a4
 O-O  10. axb5 axb5  11. Nbd2
 c6  12. b4  Qc7 
13. e4  e5  14. dxe5  Nxe5
 15. Nxe5  Qxe5  16. f4
 Qc7  17. Rxa8  Bxa8
 18. e5  Ng4  19. Bxe7
 Qxe7  20. Nb3  f6
 21. h3  Nh6  22. Re1
 fxe5  23. Rxe5  Qa7+
 24. Nc5  Nf7  25. Re2
 Bb7  26. Re7  Qa1+
 27. Kh2  Bc8  28. Qd4
 Qb1  29. Nd3  Qc2
 30. g4  h5  31. gxh5
 Bf5  32. Nc5  Bc8
 33. h6  gxh6  34. Ne6
 Bxe6  35. Rxe6  Kh7
 36. Rxc6  Qf5  37. Rf6
 Qh5  38. Qxd5  1-0